[Event "DVM U14 2011"]
[Site "Lingen (Ems) GER"]
[Date "2011.12.28"]
[Round "4"]
[White "Baberz, Alexander"]
[Black "Trümper, Michael"]
[Result "0-1"]
[Termination "normal"]
[Board "2.4"]
[WhiteElo "1765"]
[BlackElo "1614"]
[WhiteTeam "Hamburger SK von 1830"]
[BlackTeam "SF Brackel 30"]
[WhiteFideId "12921734"]
[BlackFideId "12946095"]
[EventCountry "GER"]
[EventRounds "7"]
[EventType "team-swiss"]
[EventDate "2011.12.26"]

1. d4 d5 2. Nf3 Nf6 3. c4 e6 4. Bg5 Nbd7 5. Nc3 c6 6. cxd5 exd5 7. e3 Be7 8.
Bd3 O-O 9. Qc2 Re8 10. O-O h6 11. Bh4 Nf8 12. a3 a5 13. b3 Ne4 14. Bxe7 Qxe7
15. Bxe4 dxe4 16. Ne5 Nd7 17. Nc4 b5 18. Nd2 Nf6 19. Ne2 Bg4 20. Ng3 Bd7 21.
Qb2 Ra7 22. Rac1 h5 23. h3 h4 24. Ne2 g5 25. Rc5 Nd5 26. Nc3 Nxc3 27. Qxc3 f6
28. f3 exf3 29. Rxf3 b4 30. axb4 axb4 31. Qd3 Kg7 32. e4 Ra1+ 33. Kf2 Ra2 34.
e5 fxe5 35. Rxe5 Qd6 36. Rxg5+ Kh6 37. Re5 Rxe5 38. dxe5 Rxd2+ 0-1

[Event "DVM U14 2011"]
[Site "Lingen (Ems) GER"]
[Date "2011.12.28"]
[Round "4"]
[White "Schmücker, Felix"]
[Black "Peczely, Sebastian Zsombor"]
[Result "1-0"]
[Termination "normal"]
[Board "3.1"]
[WhiteElo "2062"]
[BlackElo "2031"]
[WhiteTeam "BSG Grün-Weiß Leipzig"]
[BlackTeam "SG Leipzig"]
[WhiteFideId "12900273"]
[BlackFideId "750964"]
[EventCountry "GER"]
[EventRounds "7"]
[EventType "team-swiss"]
[EventDate "2011.12.26"]

1. e4 e5 2. Nf3 Nc6 3. d4 exd4 4. Bc4 Nf6 5. e5 d5 6. Bb5 Ne4 7. Nxd4 Bd7 8.
Bxc6 bxc6 9. O-O Bc5 10. Be3 Qe7 11. f3 Nd6 12. Re1 Nc4 13. Bc1 Nxe5 14. Kh1
O-O 15. Bf4 Bxd4 16. Qxd4 Nxf3 17. Qxg7+ Kxg7 18. Rxe7 Rae8 19. Rxe8 Rxe8 20.
gxf3 Re1+ 21. Kg2 Bf5 22. b4 f6 23. Bd2 Re2+ 24. Kg3 Bxc2 25. Bc3 Re3 26. Bb2
Rd3 27. Nc3 Kg6 28. Ne2 Rd2 29. Nf4+ Kf7 30. Bc3 Rd1 31. Rxd1 Bxd1 32. Bd4 a6
33. Nh5 f5 34. Kf4 Kg6 35. Ng7 Bc2 36. Ne8 Kh5 37. Nxc7 Bd3 38. Ne6 Kh4 39. Ng5
h6 40. Nf7 h5 41. Ng5 Bb1 42. Bf2# 1-0

[Event "DVM U14 2011"]
[Site "Lingen (Ems) GER"]
[Date "2011.12.28"]
[Round "4"]
[White "Kreyssig, Robert"]
[Black "Richter, Leonard"]
[Result "1/2-1/2"]
[Termination "normal"]
[Board "3.2"]
[WhiteElo "1895"]
[BlackElo "1846"]
[WhiteTeam "SG Leipzig"]
[BlackTeam "BSG Grün-Weiß Leipzig"]
[WhiteFideId "4662881"]
[BlackFideId "12900290"]
[EventCountry "GER"]
[EventRounds "7"]
[EventType "team-swiss"]
[EventDate "2011.12.26"]

1. d4 Nf6 2. c4 c5 3. d5 b5 4. cxb5 a6 5. bxa6 Bxa6 6. b3 g6 7. Bb2 Bg7 8. g3
O-O 9. Bg2 d6 10. Nh3 Qb6 11. Bc3 Nbd7 12. O-O Rfc8 13. Nf4 Rc7 14. h4 Bh6 15.
Re1 Ng4 16. e3 Nge5 17. Qd2 Rb7 18. Na3 Bg7 19. Reb1 h6 20. Nc2 Qa7 21. e4 Nb6
22. a4 Qb8 23. Ne1 Nbd7 24. Qc2 Rb6 25. Rb2 1/2-1/2

[Event "DVM U14 2011"]
[Site "Lingen (Ems) GER"]
[Date "2011.12.28"]
[Round "4"]
[White "Angrick, Philipp"]
[Black "Waschischeck, Tom"]
[Result "1-0"]
[Termination "normal"]
[Board "3.3"]
[WhiteElo "1821"]
[BlackElo "1464"]
[WhiteTeam "BSG Grün-Weiß Leipzig"]
[BlackTeam "SG Leipzig"]
[WhiteFideId "12912298"]
[BlackFideId "12931780"]
[EventCountry "GER"]
[EventRounds "7"]
[EventType "team-swiss"]
[EventDate "2011.12.26"]

1. e4 e6 2. d4 d5 3. Nc3 dxe4 4. Nxe4 Nd7 5. Nf3 Ngf6 6. Bd3 Nxe4 7. Bxe4 Nf6
8. Bg5 h6 9. Bxf6 Qxf6 10. Ne5 c5 11. c3 Bd6 12. Qa4+ Ke7 13. O-O Bxe5 14. dxe5
Qxe5 15. Rfe1 Qc7 16. f4 Re8 17. f5 Kf8 18. f6 g5 19. Qd1 Qf4 20. Qh5 Qxf6 21.
Rf1 Qg7 22. Rxf7+ Qxf7 23. Bg6 Qg7 24. Rf1+ Kg8 25. Bxe8 Bd7 26. Rf7 Bxe8 27.
Rxg7+ Kxg7 28. Qe2 Kf6 29. Qf2+ Kg7 30. Qxc5 Kf6 31. Qd4+ Kf7 32. Qh8 Kg6 33.
Qg8+ Kf5 34. Qh7+ Bg6 35. g4+ Kf6 36. Qxb7 Rd8 37. Qf3+ Kg7 38. Qe2 Kf6 39. Kf2
Rd3 40. b4 e5 41. c4 e4 42. c5 e3+ 43. Kf3 Ke5 44. Qb2+ Kd5 45. Qf6 Be4+ 46.
Ke2 Kc4 47. c6 Bxc6 48. Qxc6+ Kxb4 49. Kxd3 Ka3 50. Kc3 a5 51. Qb5 a4 52. Qb2#
1-0

[Event "DVM U14 2011"]
[Site "Lingen (Ems) GER"]
[Date "2011.12.28"]
[Round "4"]
[White "Wildermuth, Tim"]
[Black "Caprita, Victor"]
[Result "0-1"]
[Termination "normal"]
[Board "3.4"]
[WhiteElo "1358"]
[BlackElo "1389"]
[WhiteTeam "SG Leipzig"]
[BlackTeam "BSG Grün-Weiß Leipzig"]
[WhiteFideId "12946109"]
[BlackFideId "12946125"]
[EventCountry "GER"]
[EventRounds "7"]
[EventType "team-swiss"]
[EventDate "2011.12.26"]

1. e4 e5 2. Nf3 Nc6 3. d4 exd4 4. Nxd4 Bc5 5. Nf5 Qf6 6. Nc3 Nge7 7. Ne3 d6 8.
Be2 O-O 9. O-O Ng6 10. Ned5 Qd8 11. Be3 Bxe3 12. Nxe3 Be6 13. f4 Bd7 14. Ned5
Re8 15. f5 Nge5 16. f6 g6 17. Qd2 Kh8 18. Qh6 Rg8 19. Rf4 g5 20. Rff1 Rg6 21.
Qh5 Rc8 22. Bb5 Bg4 23. Qxg6 hxg6 24. h3 Be6 25. Rad1 a6 26. Ba4 b5 27. Bb3 b4
28. Ne2 Bxd5 29. Bxd5 Kg8 30. c3 a5 31. Nd4 Nxd4 32. cxd4 Nd7 33. Rfe1 Nxf6 34.
Bb3 Nh5 35. e5 Kg7 36. Rf1 d5 37. Rde1 Qd7 38. Bd1 Re8 39. Bg4 Qc6 40. Rc1 Qb6
41. Rfd1 Ng3 42. Kh2 Nf5 43. Bf3 c6 44. Rc5 Ra8 45. g4 Nxd4 0-1

[Event "DVM U14 2011"]
[Site "Lingen (Ems) GER"]
[Date "2011.12.28"]
[Round "4"]
[White "Röhlich, Philipp"]
[Black "Lindner, Ferdinand"]
[Result "1-0"]
[Termination "normal"]
[Board "4.1"]
[WhiteElo "1734"]
[BlackElo "1628"]
[WhiteTeam "SG Trier"]
[BlackTeam "SV Medizin Erfurt"]
[WhiteFideId "24692832"]
[BlackFideId "1270769"]
[EventCountry "GER"]
[EventRounds "7"]
[EventType "team-swiss"]
[EventDate "2011.12.26"]

1. e4 c5 2. Nf3 Nc6 3. Bb5 g6 4. O-O Bg7 5. Bxc6 bxc6 6. d3 Nf6 7. Nc3 O-O 8.
Be3 d6 9. h3 Rb8 10. Rb1 Bd7 11. Nd2 Kh8 12. f4 e6 13. Qf3 Qe7 14. Nb3 Rfc8 15.
e5 Nd5 16. exd6 Qxd6 17. Bxc5 Qc7 18. Ne4 Bf8 19. Bd4+ Bg7 20. Be5 Bxe5 21.
fxe5 Rf8 22. d4 Kg8 23. Nbc5 Rbd8 24. c4 Nb6 25. Nd6 Bc8 26. Nce4 a6 27. Qf4
Kg7 28. Rf3 Bb7 29. Rbf1 Rd7 30. Rg3 Rb8 31. Nc5 Re7 32. Qf6+ Kg8 33. Rf4 Nc8
34. Nxe6 Rxe6 35. Rxg6+ fxg6 36. Qf8# 1-0

[Event "DVM U14 2011"]
[Site "Lingen (Ems) GER"]
[Date "2011.12.28"]
[Round "4"]
[White "Nguyen, Huy Dat"]
[Black "Bauer, Lukas"]
[Result "1-0"]
[Termination "normal"]
[Board "4.2"]
[WhiteElo "1744"]
[BlackElo "1640"]
[WhiteTeam "SV Medizin Erfurt"]
[BlackTeam "SG Trier"]
[WhiteFideId "12923486"]
[BlackFideId "12907715"]
[EventCountry "GER"]
[EventRounds "7"]
[EventType "team-swiss"]
[EventDate "2011.12.26"]

1. d4 d5 2. c4 c6 3. Nf3 Nf6 4. g3 e6 5. Bg2 Be7 6. O-O O-O 7. Nc3 b6 8. cxd5
exd5 9. Bf4 Bb7 10. Rc1 Nbd7 11. h3 Rc8 12. a3 a6 13. Kh2 Re8 14. Rg1 Nf8 15.
Qd3 Ng6 16. Be3 Bd6 17. Bg5 h6 18. Bxf6 Qxf6 19. Rcf1 Rcd8 20. Kh1 Bc7 21. b4
Qd6 22. Na4 Re7 23. e3 Ra8 24. Rb1 Qd8 25. Rgc1 Qe8 26. Qb3 Bc8 27. Qc2 Bd7 28.
Nc3 Qc8 29. Kh2 Bf5 30. Qb2 Bxb1 31. Qxb1 Qd7 32. Qb2 Bd6 33. Na4 Rb8 34. Qc2
b5 35. Nc5 Bxc5 36. Qxc5 Rc8 37. h4 Qa7 38. Qc2 a5 39. h5 Nf8 40. Ne5 Qb6 41.
Bxd5 axb4 42. axb4 Ra7 43. Bxf7+ Rxf7 44. Nxf7 1-0

[Event "DVM U14 2011"]
[Site "Lingen (Ems) GER"]
[Date "2011.12.28"]
[Round "4"]
[White "Kim, Yun-Ghi"]
[Black "Knorre, Jonas"]
[Result "0-1"]
[Termination "normal"]
[Board "4.3"]
[WhiteElo "1784"]
[BlackElo "1728"]
[WhiteTeam "SG Trier"]
[BlackTeam "SV Medizin Erfurt"]
[WhiteFideId "12925888"]
[BlackFideId "24696900"]
[EventCountry "GER"]
[EventRounds "7"]
[EventType "team-swiss"]
[EventDate "2011.12.26"]

1. d4 Nf6 2. c4 g6 3. g3 Bg7 4. Bg2 O-O 5. Nf3 d6 6. O-O Nbd7 7. b3 e5 8. d5 a5
9. Nc3 Ne8 10. e4 h6 11. Bb2 Nc5 12. a3 f5 13. exf5 gxf5 14. b4 axb4 15. axb4
Rxa1 16. Bxa1 Na6 17. Qb3 f4 18. Ne4 Bf5 19. Nh4 Bh7 20. Rc1 Nf6 21. Nxf6+ Qxf6
22. c5 fxg3 23. Qxg3 Qf4 24. Re1 Qxb4 25. Bc3 Qf4 26. cxd6 cxd6 27. Qh3 Qxf2+
28. Kh1 Bf5 29. Nxf5 Qxf5 30. Qg3 Nc5 31. Bd2 Qf2 32. Qa3 e4 33. Qb4 Nd3 34.
Qxe4 Nxe1 35. Bxe1 Qf5 36. Qb4 Be5 37. Qh4 Qg5 38. Qh3 Qf4 39. Qh5 Kg7 40. h4
Qh2# 0-1

[Event "DVM U14 2011"]
[Site "Lingen (Ems) GER"]
[Date "2011.12.28"]
[Round "4"]
[White "Nguyen, Ha Thanh"]
[Black "Bach, Marc-Andre"]
[Result "0-1"]
[Termination "normal"]
[Board "4.4"]
[WhiteElo "1139"]
[BlackElo "1714"]
[WhiteTeam "SV Medizin Erfurt"]
[BlackTeam "SG Trier"]
[WhiteFideId "12942154"]
[BlackFideId "1270773"]
[EventCountry "GER"]
[EventRounds "7"]
[EventType "team-swiss"]
[EventDate "2011.12.26"]

1. e4 e6 2. d4 d5 3. Nd2 Nf6 4. e5 Nfd7 5. Bd3 c5 6. c3 Nc6 7. Ne2 Qb6 8. Nf3
f6 9. exf6 Nxf6 10. O-O Bd6 11. Bc2 cxd4 12. cxd4 Qc7 13. Re1 O-O 14. Ng3 e5
15. Bb3 e4 16. Nxe4 Ne7 17. Nxd6 Qxd6 18. Bd2 Kh8 19. Rc1 Bg4 20. h3 Bh5 21.
Qe2 Ne4 22. Bc3 Rae8 23. Qd3 Bxf3 24. gxf3 Qg6+ 25. Kh2 Qd6+ 26. Kg1 Ng5 27.
Re3 Nxh3+ 28. Kf1 Qh2 29. Rc2 Qh1+ 30. Ke2 Nf4+ 31. Kd2 Nxd3 32. Kxd3 Rxf3 33.
Rce2 Rxe3+ 34. Rxe3 Qh5 35. Ba4 Qg6+ 36. Kd2 Nc6 37. Bb3 Rxe3 38. fxe3 Qg2+ 39.
Kd3 Ne7 40. Bb4 Nf5 41. Bd2 Qe4+ 42. Kc3 Nxe3 43. Bxe3 Qxe3+ 44. Kc2 Qxd4 45.
a3 Qf2+ 46. Kd3 Qf3+ 47. Kc2 Qxb3+ 48. Kxb3 h5 49. Kc3 h4 50. Kd4 h3 51. Kxd5
h2 52. b4 h1=Q+ 53. Kc5 Qc6+ 54. Kd4 g5 55. Ke3 g4 56. Kf4 Qf3+ 57. Ke5 g3 58.
a4 g2 59. b5 g1=R 60. a5 Re1+ 61. Kd6 Qd3+ 62. Kc7 Re7+ 63. Kb8 Qd8+ 0-1

[Event "DVM U14 2011"]
[Site "Lingen (Ems) GER"]
[Date "2011.12.28"]
[Round "4"]
[White "Imcke, Patrick"]
[Black "Petrashov, Alexander"]
[Result "1-0"]
[Termination "normal"]
[Board "5.1"]
[WhiteElo "1848"]
[BlackElo "1751"]
[WhiteTeam "Sportfreunde Katernberg 1913"]
[BlackTeam "SW  Nürnberg Süd"]
[WhiteFideId "4622502"]
[BlackFideId "24662461"]
[EventCountry "GER"]
[EventRounds "7"]
[EventType "team-swiss"]
[EventDate "2011.12.26"]

1. e4 e5 2. Nf3 Nc6 3. d4 exd4 4. Nxd4 Qh4 5. Nc3 Bb4 6. Be2 Bxc3+ 7. bxc3 Qxe4
8. Nb5 Kd8 9. O-O a6 10. Nd4 Nge7 11. Re1 Qg6 12. Bf3 f5 13. Qe2 Qf6 14. Bb2
Qf7 15. Rad1 h5 16. Ne6+ Ke8 17. Nxc7+ Kd8 18. Nxa8 g5 19. Ba3 g4 20. Bxc6 Nxc6
21. Bd6 Qe6 22. Qd2 1-0

[Event "DVM U14 2011"]
[Site "Lingen (Ems) GER"]
[Date "2011.12.28"]
[Round "4"]
[White "Meulner, Fabian"]
[Black "Marvani, Arman"]
[Result "1-0"]
[Termination "normal"]
[Board "5.2"]
[WhiteElo "1812"]
[BlackElo "1313"]
[WhiteTeam "SW  Nürnberg Süd"]
[BlackTeam "Sportfreunde Katernberg 1913"]
[WhiteFideId "12913936"]
[BlackFideId "12936731"]
[EventCountry "GER"]
[EventRounds "7"]
[EventType "team-swiss"]
[EventDate "2011.12.26"]

1. d4 c5 2. d5 e5 3. c4 d6 4. e4 Nf6 5. Nc3 Be7 6. Be2 O-O 7. Nf3 Ne8 8. a3 a5
9. O-O Bf6 10. Ne1 Bg5 11. Nd3 Bxc1 12. Qxc1 Qh4 13. f4 Nf6 14. g3 Qh3 15. fxe5
dxe5 16. Nxe5 Re8 17. Qf4 Nbd7 18. Nxd7 Bxd7 19. e5 Bg4 20. Rae1 Nh5 21. Qxf7+
Kh8 22. Bxg4 Qxg4 23. Re4 Qg5 24. Ne2 g6 25. e6 Re7 26. Qf3 Rae8 27. d6 Rg7 28.
e7 Rgg8 29. Nf4 Nxf4 30. Qxf4 Qxf4 31. Rfxf4 Kg7 32. d7 Rb8 33. e8=Q 1-0

[Event "DVM U14 2011"]
[Site "Lingen (Ems) GER"]
[Date "2011.12.28"]
[Round "4"]
[White "Schimnatkowski, Lukas"]
[Black "Krasotin, Valentin"]
[Result "1/2-1/2"]
[Termination "normal"]
[Board "5.3"]
[WhiteElo "1338"]
[BlackElo "1624"]
[WhiteTeam "Sportfreunde Katernberg 1913"]
[BlackTeam "SW  Nürnberg Süd"]
[WhiteFideId "12936723"]
[BlackFideId "12913928"]
[EventCountry "GER"]
[EventRounds "7"]
[EventType "team-swiss"]
[EventDate "2011.12.26"]

1. e4 {[%emt 0:00:00]} e5 2. d4 exd4 3. Nf3 Nc6 4. Bc4 Nf6 5. e5 d5 6. Bb5 Ne4
7. Nxd4 Bd7 8. Bxc6 bxc6 9. O-O Be7 10. f3 Ng5 11. f4 Ne6 12. c3 Nxd4 13. cxd4
Qc8 14. Nc3 h5 15. Be3 h4 16. Qf3 Bg4 17. Qf2 h3 18. g3 g6 19. Rac1 Qb7 20. Nd1
Bf5 21. Nc3 Rb8 22. b3 Ba3 23. Rcd1 Bb4 24. Na4 Be4 25. Bd2 Ba3 26. Bc1 Be7 27.
Bd2 1/2-1/2

[Event "DVM U14 2011"]
[Site "Lingen (Ems) GER"]
[Date "2011.12.28"]
[Round "4"]
[White "Siegl, Adrian"]
[Black "Kennemann, Henrik Jan"]
[Result "1/2-1/2"]
[Termination "normal"]
[Board "5.4"]
[WhiteElo "1725"]
[BlackElo "1132"]
[WhiteTeam "SW  Nürnberg Süd"]
[BlackTeam "Sportfreunde Katernberg 1913"]
[WhiteFideId "12930156"]
[BlackFideId "1271856"]
[EventCountry "GER"]
[EventRounds "7"]
[EventType "team-swiss"]
[EventDate "2011.12.26"]

1. e4 c5 2. Nf3 e6 3. d4 cxd4 4. Nxd4 Nf6 5. Nc3 Nc6 6. Bg5 Bb4 7. Ndb5 O-O 8.
a3 Be7 9. Nd6 a6 10. Bxf6 Bxf6 11. Be2 Qc7 12. f4 Bxc3+ 13. bxc3 Ne7 14. Qd2 b5
15. Rd1 Ra7 16. c4 bxc4 17. Nxc4 d5 18. exd5 Nxd5 19. O-O Bd7 20. Ne5 Rd8 21.
Bf3 Qc5+ 22. Rf2 Ne3 23. Nxd7 Raxd7 24. Qxd7 Rxd7 25. Rxd7 g6 26. Rdd2 Qxa3 27.
Rfe2 Qc5 28. Rf2 Qb6 29. Bd1 Qb1 30. Kh1 a5 31. Rf3 Qc1 32. Rd8+ Kg7 33. h3 a4
34. Rd3 Nxc2 35. Rf1 Qb2 36. Rd2 Qb5 37. Be2 Qf5 38. Bd3 Qd5 39. Rxc2 Qxd3 40.
Rcc1 Qe4 41. Rfe1 1/2-1/2

[Event "DVM U14 2011"]
[Site "Lingen (Ems) GER"]
[Date "2011.12.28"]
[Round "4"]
[White "Sabirov, Ramil"]
[Black "Greßmann, Moritz"]
[Result "1/2-1/2"]
[Termination "normal"]
[Board "6.1"]
[WhiteElo "1720"]
[BlackElo "1748"]
[WhiteTeam "SG Porz"]
[BlackTeam "BSV 63 Chemie Weißensee"]
[WhiteFideId "12900303"]
[BlackFideId "24695084"]
[EventCountry "GER"]
[EventRounds "7"]
[EventType "team-swiss"]
[EventDate "2011.12.26"]

1. e4 d6 2. Nf3 Nf6 3. d3 g6 4. g3 Bg7 5. Bg2 O-O 6. O-O c5 7. Nh4 Nc6 8. c3
Rb8 9. f4 Bg4 10. Qc2 Bd7 11. a4 a6 12. h3 b5 13. axb5 axb5 14. Nd2 b4 15. Nc4
bxc3 16. bxc3 Ne8 17. f5 Nc7 18. Bd2 Na8 19. g4 Nb6 20. Nxb6 Rxb6 21. Nf3 Qb8
22. Rfb1 Rxb1+ 23. Rxb1 Qa7 24. Be3 Qa3 25. Bd2 Qa7 26. Be3 1/2-1/2

[Event "DVM U14 2011"]
[Site "Lingen (Ems) GER"]
[Date "2011.12.28"]
[Round "4"]
[White "Donath, Johann"]
[Black "Brungs, Sven"]
[Result "0-1"]
[Termination "normal"]
[Board "6.2"]
[WhiteElo "1871"]
[BlackElo "1516"]
[WhiteTeam "BSV 63 Chemie Weißensee"]
[BlackTeam "SG Porz"]
[WhiteFideId "24685160"]
[BlackFideId "12946257"]
[EventCountry "GER"]
[EventRounds "7"]
[EventType "team-swiss"]
[EventDate "2011.12.26"]

1. e4 e5 2. Nf3 Nf6 3. Nc3 Nc6 4. d4 exd4 5. Nxd4 Bb4 6. Nxc6 bxc6 7. Bd3 O-O
8. O-O Re8 9. Qf3 h6 10. a3 Bxc3 11. bxc3 d5 12. exd5 cxd5 13. Be3 a5 14. Bd4
Ne4 15. Rfe1 Bb7 16. Rab1 Bc6 17. Bxe4 dxe4 18. Qg3 g6 19. Qf4 g5 20. Qg4 Qd5
21. Re3 f5 22. Qh5 Re6 23. Rd1 Rd8 24. g3 Be8 25. Qe2 c5 26. c4 Qd7 27. c3 cxd4
28. cxd4 Qa4 29. Rd2 g4 30. Rc3 Rb6 31. Qe3 Rb1+ 32. Kg2 Qc6 33. h4 gxh3+ 34.
Kxh3 Qg6 35. Qe2 Bd7 36. f4 exf3 37. Qxf3 f4+ 38. Kg2 Qf5 39. gxf4 Kh8 40. Qe3
Re8 41. Qf2 Ree1 42. Qh4 Qe4+ 0-1

[Event "DVM U14 2011"]
[Site "Lingen (Ems) GER"]
[Date "2011.12.28"]
[Round "4"]
[White "Yang, Daniel"]
[Black "Greßmann, Hanna"]
[Result "1-0"]
[Termination "normal"]
[Board "6.3"]
[WhiteElo "1263"]
[BlackElo "1327"]
[WhiteTeam "SG Porz"]
[BlackTeam "BSV 63 Chemie Weißensee"]
[WhiteFideId "12946273"]
[BlackFideId "12930709"]
[EventCountry "GER"]
[EventRounds "7"]
[EventType "team-swiss"]
[EventDate "2011.12.26"]

1. d4 d5 2. c4 c6 3. Nf3 Nf6 4. Nbd2 Bf5 5. g3 e6 6. Bg2 Bd6 7. O-O O-O 8. b3
Nbd7 9. Bb2 Re8 10. Re1 e5 11. dxe5 Nxe5 12. cxd5 Nxd5 13. e4 Nd3 14. exf5 Nxe1
15. Nxe1 Bc7 16. Nc4 Nb4 17. Qg4 g6 18. f6 h5 19. Qg5 Kh7 20. a3 Nd5 21. Rd1
Re2 22. Bf3 Re6 23. Bxh5 Qe8 24. Kf1 Rd8 25. Bg4 Nb6 26. Qh4+ Kg8 27. Qh6 Qf8
28. Rxd8 Bxd8 29. Qxf8+ Kxf8 30. Bxe6 fxe6 31. Nxb6 Bxb6 32. Nf3 Bd8 33. Ng5
Bb6 34. Nxe6+ Ke8 35. Ke2 Kf7 36. Ng5+ Kf8 37. f4 a6 38. h3 Ba7 39. Kd3 b5 40.
Ke4 Bf2 41. g4 Bh4 42. Ke5 a5 43. Ke6 Bxg5 44. fxg5 c5 45. Bc3 b4 46. axb4 axb4
47. Bxb4 cxb4 48. f7 Kg7 49. Ke7 Kh7 50. h4 Kg7 51. f8=Q+ Kh7 52. Qh6+ Kg8 53.
Qxg6+ Kh8 54. Qe8+ Kh7 55. h5 Kg7 56. h6+ Kh7 57. Qf7+ Kh8 58. Qg7# 1-0

[Event "DVM U14 2011"]
[Site "Lingen (Ems) GER"]
[Date "2011.12.28"]
[Round "4"]
[White "Boehling, Richard"]
[Black "Touet, Marian"]
[Result "0-1"]
[Termination "normal"]
[Board "6.4"]
[WhiteElo "1318"]
[BlackElo "1119"]
[WhiteTeam "BSV 63 Chemie Weißensee"]
[BlackTeam "SG Porz"]
[WhiteFideId "12946176"]
[EventCountry "GER"]
[EventRounds "7"]
[EventType "team-swiss"]
[EventDate "2011.12.26"]

1. e4 e5 2. Nf3 Nf6 3. Nc3 Bb4 4. Bc4 Bxc3 5. dxc3 d6 6. Bg5 Bg4 7. h3 Bh5 8.
O-O Nbd7 9. Qe2 O-O 10. Qe3 Re8 11. Nh4 a6 12. Qg3 b5 13. Bd5 Rb8 14. Nf5 Bg6
15. Nh4 Nc5 16. Nxg6 hxg6 17. Qh4 Rc8 18. Bxf6 Qxf6 19. Qxf6 gxf6 20. b4 c6 21.
bxc5 cxd5 22. cxd6 Red8 23. exd5 Rxd6 24. Rfd1 Rxc3 25. Rd2 Kf8 26. a4 b4 27.
a5 Rc5 28. Ra4 Rcxd5 29. Rxd5 Rxd5 30. Rxb4 Rxa5 31. Kf1 Ra1+ 32. Ke2 a5 33.
Rb7 a4 34. c4 a3 35. c5 a2 36. Ra7 Rc1 37. Rxa2 Rxc5 38. Ra7 Rc3 39. Kd2 Rb3
40. Kc2 Rb4 41. Kd3 Rd4+ 42. Ke3 Ke8 43. Kf3 Rd2 44. Ra8+ Ke7 45. Rh8 f5 46. h4
Rd3+ 47. Ke2 Ra3 48. f3 Kf6 49. Kf2 f4 50. Kg1 Re3 51. Re8 Kf5 52. Kf2 0-1

[Event "DVM U14 2011"]
[Site "Lingen (Ems) GER"]
[Date "2011.12.28"]
[Round "4"]
[White "Beeck, Mats"]
[Black "Knopf, Felix"]
[Result "0-1"]
[Termination "normal"]
[Board "7.1"]
[WhiteElo "1671"]
[BlackElo "1802"]
[WhiteTeam "SK Doppelbauer Kiel"]
[BlackTeam "SV Merseburg"]
[WhiteFideId "12936944"]
[BlackFideId "24692204"]
[EventCountry "GER"]
[EventRounds "7"]
[EventType "team-swiss"]
[EventDate "2011.12.26"]

1. e4 c5 2. Nf3 d6 3. d4 cxd4 4. Nxd4 Nf6 5. Nc3 a6 6. Be3 e6 7. f3 Nbd7 8. Qd2
h5 9. O-O-O b5 10. Kb1 Bb7 11. Qe1 Rc8 12. Bc1 Qc7 13. Bd3 Nc5 14. a3 Qb6 15.
b4 Ncd7 16. Nb3 Ne5 17. Na5 Ba8 18. f4 Nc4 19. Bxc4 bxc4 20. Be3 Qc7 21. Bd4
Rb8 22. Ka1 e5 23. Bf2 Be7 24. f5 O-O 25. h3 Rfd8 26. g4 d5 27. g5 Nxe4 28.
Nxe4 dxe4 29. Rxd8+ Bxd8 30. Rg1 Qc8 31. g6 Qxf5 32. Nxc4 fxg6 33. Bc5 Qe6 34.
Qf1 Bc7 0-1

[Event "DVM U14 2011"]
[Site "Lingen (Ems) GER"]
[Date "2011.12.28"]
[Round "4"]
[White "Hoffmann, Dustin"]
[Black "Wanner, Lukas"]
[Result "0-1"]
[Termination "normal"]
[Board "7.2"]
[WhiteElo "1687"]
[BlackElo "1594"]
[WhiteTeam "SV Merseburg"]
[BlackTeam "SK Doppelbauer Kiel"]
[WhiteFideId "1270566"]
[BlackFideId "12918148"]
[EventCountry "GER"]
[EventRounds "7"]
[EventType "team-swiss"]
[EventDate "2011.12.26"]

1. e4 e6 2. d4 d5 3. e5 b6 4. Nf3 Qd7 5. Bd3 c5 6. c3 Ba6 7. O-O Bxd3 8. Qxd3
Nc6 9. Be3 Rc8 10. Nbd2 cxd4 11. cxd4 Nge7 12. a3 Nf5 13. Rac1 Be7 14. Rc3 O-O
15. Rfc1 Rc7 16. Qc2 Rfc8 17. b4 Bd8 18. Nb3 Nxe3 19. fxe3 Nxd4 20. Rxc7 Nxf3+
21. gxf3 Rxc7 22. Qd2 Rxc1+ 23. Qxc1 Qc7 24. Qb2 f6 25. exf6 Bxf6 26. Qf2 Qc3
27. Nd4 Qxa3 28. Nxe6 Qxb4 29. Qc2 Qc3 30. Qe2 Qc1+ 31. Kg2 Qb2 32. Kf2 Qxe2+
33. Kxe2 a5 34. Kd3 Kf7 35. Nc7 Bd8 36. Nxd5 Ke6 37. e4 Kd6 38. Kc4 h6 39. f4
g5 40. f5 Ke5 41. Kb5 Kxe4 42. f6 Kxd5 0-1

[Event "DVM U14 2011"]
[Site "Lingen (Ems) GER"]
[Date "2011.12.28"]
[Round "4"]
[White "Andreßen, Kay"]
[Black "Handke, Moritz"]
[Result "0-1"]
[Termination "normal"]
[Board "7.3"]
[WhiteElo "1381"]
[BlackElo "1272"]
[WhiteTeam "SK Doppelbauer Kiel"]
[BlackTeam "SV Merseburg"]
[BlackFideId "12946222"]
[EventCountry "GER"]
[EventRounds "7"]
[EventType "team-swiss"]
[EventDate "2011.12.26"]

1. e4 e5 2. Nf3 Nc6 3. Bc4 Bc5 4. b4 Bxb4 5. c3 Ba5 6. d4 exd4 7. O-O Nge7 8.
cxd4 d6 9. Qb3 O-O 10. d5 Ne5 11. Nxe5 dxe5 12. Bb2 Ng6 13. Ba3 Re8 14. Rd1 Qf6
15. Qb5 Bg4 16. Rf1 Bb6 17. Nc3 Qg5 18. Bc1 Nf4 19. g3 Bf3 20. Bxf4 exf4 21.
Be2 Bxe2 22. Qxe2 fxg3 23. hxg3 Qxg3+ 24. Kh1 Qxc3 25. f3 Qe5 26. Qd2 Qh5+ 27.
Kg2 Re5 28. f4 Qg4+ 29. Kh1 Rh5+ 0-1

[Event "DVM U14 2011"]
[Site "Lingen (Ems) GER"]
[Date "2011.12.28"]
[Round "4"]
[White "Jacob, Karl"]
[Black "Malinin, Nikita"]
[Result "0-1"]
[Termination "normal"]
[Board "7.4"]
[WhiteElo "1105"]
[BlackElo "1410"]
[WhiteTeam "SV Merseburg"]
[BlackTeam "SK Doppelbauer Kiel"]
[WhiteFideId "12946230"]
[BlackFideId "12946214"]
[EventCountry "GER"]
[EventRounds "7"]
[EventType "team-swiss"]
[EventDate "2011.12.26"]

1. e4 e5 2. Nf3 Nc6 3. Bc4 Bc5 4. Nc3 Nf6 5. d3 h6 6. Be3 Bb6 7. h3 d6 8. d4
O-O 9. d5 Bxe3 10. fxe3 Ne7 11. Qd2 Bd7 12. b3 c6 13. a4 Rb8 14. dxc6 Bxc6 15.
O-O Nxe4 16. Nxe4 Bxe4 17. Bd3 Bc6 18. e4 Kh8 19. Rae1 Ng6 20. Kh1 Qd7 21. c4
Rbd8 22. Re3 Rfe8 23. Rfe1 a6 24. a5 Nf4 25. Kh2 g5 26. Ng1 Rg8 27. Be2 h5 28.
Rf1 Rg7 29. g4 Qc8 30. Qc2 Bd7 31. Rg3 Rh7 32. Qc3 hxg4 33. Bxg4 Bxg4 34. Rxg4
Qxg4 35. Rf2 Qh4 0-1

[Event "DVM U14 2011"]
[Site "Lingen (Ems) GER"]
[Date "2011.12.28"]
[Round "4"]
[White "Kardoeus, David"]
[Black "Schissler, Cornelius"]
[Result "1-0"]
[Termination "normal"]
[Board "8.1"]
[WhiteElo "1757"]
[BlackElo "1410"]
[WhiteTeam "SV Werder Bremen"]
[BlackTeam "SC Widdern"]
[WhiteFideId "12912050"]
[BlackFideId "12946290"]
[EventCountry "GER"]
[EventRounds "7"]
[EventType "team-swiss"]
[EventDate "2011.12.26"]

1. b3 {[%emt 0:00:00]} e5 2. Bb2 Nc6 3. e3 d6 4. c4 Nf6 5. Nc3 g6 6. d3 Bg7 7.
g3 Bd7 8. Bg2 Rb8 9. Nge2 O-O 10. O-O Re8 11. Ne4 Ne7 12. Rc1 Nxe4 13. dxe4 b6
14. Nc3 Bc6 15. Qc2 Bb7 16. Rcd1 Qd7 17. f4 exf4 18. exf4 a6 19. e5 Bxg2 20.
Qxg2 Nf5 21. Rf3 Qc6 22. exd6 Bd4+ 23. Kf1 Ne3+ 24. Rxe3 Qxg2+ 25. Kxg2 Bxe3
26. d7 Red8 27. Nd5 Bc5 28. Be5 Bd6 29. Bxd6 cxd6 30. Ne7+ Kf8 31. Nc6 Ra8 32.
Rxd6 b5 33. Nxd8 Rxd8 34. c5 Ke7 35. Kf3 Rxd7 36. Rxd7+ Kxd7 37. Ke4 Kc6 38. b4
f6 39. g4 h6 40. g5 f5+ 41. Ke5 hxg5 42. fxg5 Kd7 43. h4 Kc6 44. h5 gxh5 45. g6
h4 46. g7 h3 47. g8=Q h2 1-0